စေတီဘုရားတည်ထားနည်းကျမ်း / (Record no. 20652)

000 -LEADER
fixed length control field 01041nam a2200217Ia 4500
003 - CONTROL NUMBER IDENTIFIER
control field OSt
005 - DATE AND TIME OF LATEST TRANSACTION
control field 20240829110218.0
007 - PHYSICAL DESCRIPTION FIXED FIELD--GENERAL INFORMATION
fixed length control field ca aa aaaaa
008 - FIXED-LENGTH DATA ELEMENTS--GENERAL INFORMATION
fixed length control field 201103s9999 xx 000 0 und d
040 ## - CATALOGING SOURCE
Transcribing agency SSBUL
041 ## - LANGUAGE CODE
Language code of text/sound track or separate title bur
082 ## - DEWEY DECIMAL CLASSIFICATION NUMBER
Classification number ၂၉၄.၃၄၃၅
Item number ညောင်
100 0# - MAIN ENTRY--PERSONAL NAME
Personal name ဇေယျပဏ္ဍိတ၊ ညောင်ရမ်း
9 (RLIN) 53857
245 10 - TITLE STATEMENT
Title စေတီဘုရားတည်ထားနည်းကျမ်း /
Statement of responsibility, etc. ညောင်ရမ်းဇေယျပဏ္ဍိတ။
250 ## - EDITION STATEMENT
Edition statement ဒုတိယအကြိမ်။
260 ## - PUBLICATION, DISTRIBUTION, ETC.
Place of publication, distribution, etc. ရန်ကုန် ၊
Name of publisher, distributor, etc. သရအိမ်စာပေ၊
-- ရတနာစုံစာပေတိုက်၊
Date of publication, distribution, etc. ၂၀၁၁။
-- ၁၉၆၂။
300 ## - PHYSICAL DESCRIPTION
Extent ဍ၊ ၁၄၂ စာမျက်နှာ ၊
-- ၁၉၀ စာမျက်နှာ ၊
Other physical details ပုံများ ၊
Dimensions ၂၁ စင်တီ။
-- ၁၈ စင်တီ။
500 ## - GENERAL NOTE
General note S-KZN: Prof. Kyaw Zaw Naing
650 ## - SUBJECT ADDED ENTRY--TOPICAL TERM
Topical term or geographic name entry element စေတီပုထိုး
9 (RLIN) 12797
942 ## - ADDED ENTRY ELEMENTS (KOHA)
Koha item type Books (Long term)
Source of classification or shelving scheme
Holdings
Withdrawn status Lost status Source of classification or shelving scheme Damaged status Not for loan Collection code Permanent Location Current Location Shelving location Date acquired Total Checkouts Full call number Barcode Date last seen Price effective from Koha item type Accession Date last checked out
          Myanmar Collection Shan State Buddhist University Library Shan State Buddhist University Library Myanmar Shelves 17/02/2023   ၂၉၄.၃၄၃၅ ညောင် ၂၆၄၃ MB00002643 17/02/2023 17/02/2023 Books (Long term) ၂၆၄၃  
          Special Collections Shan State Buddhist University Library Shan State Buddhist University Library Special Collection Shelves 17/02/2023 1 ၂၉၄.၃၄၃၅ ဇေ ၁၄၃၄၂ S-KZN MB00014342 29/12/2025 17/02/2023 Book (Short term) ၁၄၃၄၂ S-KZN 13/12/2025

Library - 09407999929
Admin Office - 09407999979
Dean Office - 09250910768
Registrar Office - 09892297154
Email - [email protected]
Shan State Buddhist University, Phaya Phyu Taunggyi, Shan State, Myanmar.